[Event "Gatineau op U1900"]
[Site "Gatineau CAN"]
[Date "2013.03.01"]
[Round "1"]
[White "Bigras, Jean"]
[Black "Abrams, Paul"]
[Result "1/2-1/2"]
[WhiteElo "1724"]
[BlackElo "1434"]
[PlyCount "58"]
[GameId "2160767909381537"]
[EventDate "2013.03.01"]
[EventType "swiss"]
[EventRounds "5"]
[EventCountry "CAN"]
[SourceTitle "EXT 2022"]
[Source "ChessBase"]
[SourceDate "2021.10.06"]
[SourceVersion "1"]
[SourceVersionDate "2021.10.06"]
[SourceQuality "1"]

1. e4 c5 2. Nf3 g6 3. d4 cxd4 4. Nxd4 Nc6 5. Be3 Bg7 6. Nc3 Nf6 7. f3 O-O 8. Qd2 d5 9. exd5 Nxd5 10. Nxd5 Qxd5 11. Nxc6 Qxc6 12. c3 Be6 13. Be2 Rfd8 14. Qc2 Bf5 15. Qb3 Be6 16. Qb5 Qxb5 17. Bxb5 Rd5 18. Ba4 Ra5 19. Bc2 Rb5 20. O-O-O Bxa2 21. Rd7 Be6 22. Rdd1 a5 23. Ba4 Re5 24. Bd4 Bh6+ 25. Kb1 Bf5+ 26. Ka1 Re2 27. g3 e5 28. Bb6 Bc2 29. Bxc2 Rxc2 1/2-1/2

[Event "Gatineau op U1900"]
[Site "Gatineau CAN"]
[Date "2013.03.01"]
[Round "1"]
[White "Langer, Herb"]
[Black "Arsenault, Yves"]
[Result "1-0"]
[WhiteElo "1802"]
[BlackElo "1557"]
[PlyCount "145"]
[GameId "2160767909381538"]
[EventDate "2013.03.01"]
[EventType "swiss"]
[EventRounds "5"]
[EventCountry "CAN"]
[SourceTitle "EXT 2022"]
[Source "ChessBase"]
[SourceDate "2021.10.06"]
[SourceVersion "1"]
[SourceVersionDate "2021.10.06"]
[SourceQuality "1"]

1. c4 c5 2. Nc3 Nf6 3. g3 Nc6 4. Bg2 e6 5. e4 Be7 6. Nge2 O-O 7. O-O d6 8. b3 e5 9. d3 Be6 10. a3 a6 11. Qc2 Qd7 12. f4 Bh3 13. Be3 Bxg2 14. Kxg2 Ng4 15. Bg1 exf4 16. Rxf4 Bg5 17. Rf5 Be3 18. Nd5 Bxg1 19. Kxg1 Qd8 20. h3 Nge5 21. Raf1 Ne7 22. Nxe7+ Qxe7 23. Nc3 Qe6 24. Kg2 Rac8 25. Nd5 Nc6 26. Qd2 Nd4 27. Rf6 Qe5 28. b4 cxb4 29. axb4 b5 30. Qf4 Qxf4 31. R6xf4 Nc6 32. cxb5 axb5 33. Rc1 Rfe8 34. Rf2 Kf8 35. Rfc2 Na7 36. Rc7 Rxc7 37. Rxc7 Nc8 38. Rb7 f5 39. Kf3 fxe4+ 40. dxe4 Ne7 41. Nxe7 Rxe7 42. Rxb5 g6 43. Rd5 Rb7 44. b5 Ke7 45. Kf4 Ke6 46. h4 h6 47. g4 Rb6 48. h5 g5+ 49. Ke3 Rb8 50. Kd4 Ra8 51. Rf5 Ra4+ 52. Kd3 Ke7 53. Rd5 Rb4 54. Ke3 Ke6 55. Rf5 Ke7 56. e5 dxe5 57. Rxe5+ Kd6 58. Rf5 Ke6 59. Kf3 Rb3+ 60. Kg2 Rb4 61. Kg3 Rb3+ 62. Kg2 Rb4 63. Rc5 Rxg4+ 64. Kf3 Rf4+ 65. Kg3 Rb4 66. Rc6+ Kf5 67. b6 Rb3+ 68. Kg2 Kg4 69. Rxh6 Rb2+ 70. Kf1 Kf3 71. Rf6+ Kg3 72. h6 g4 73. h7 1-0

[Event "Gatineau op U1900"]
[Site "Gatineau CAN"]
[Date "2013.03.01"]
[Round "1"]
[White "Lemieux, Denis"]
[Black "Choiniere, Rene"]
[Result "1/2-1/2"]
[WhiteElo "1603"]
[BlackElo "1727"]
[PlyCount "43"]
[GameId "2160767909381539"]
[EventDate "2013.03.01"]
[EventType "swiss"]
[EventRounds "5"]
[EventCountry "CAN"]
[SourceTitle "EXT 2022"]
[Source "ChessBase"]
[SourceDate "2021.10.06"]
[SourceVersion "1"]
[SourceVersionDate "2021.10.06"]
[SourceQuality "1"]

1. d4 d5 2. c4 e6 3. Nc3 Be7 4. Nf3 Nf6 5. Bf4 Nbd7 6. a3 O-O 7. e3 b6 8. cxd5 Nxd5 9. Bg3 Nxc3 10. bxc3 Bb7 11. Be2 c5 12. O-O Nf6 13. Bd3 cxd4 14. cxd4 Qd5 15. Qe2 Ne4 16. Bc4 Nxg3 17. hxg3 Qd8 18. Rfd1 a6 19. a4 a5 20. Ne5 Bd6 21. Nd3 Be4 22. f4 1/2-1/2

[Event "Gatineau op U1900"]
[Site "Gatineau CAN"]
[Date "2013.03.01"]
[Round "1"]
[White "Piche, Guy"]
[Black "Serdula, Jay"]
[Result "1-0"]
[WhiteElo "1653"]
[BlackElo "1772"]
[PlyCount "83"]
[GameId "2160767909381540"]
[EventDate "2013.03.01"]
[EventType "swiss"]
[EventRounds "5"]
[EventCountry "CAN"]
[SourceTitle "EXT 2022"]
[Source "ChessBase"]
[SourceDate "2021.10.06"]
[SourceVersion "1"]
[SourceVersionDate "2021.10.06"]
[SourceQuality "1"]

1. f4 e5 2. fxe5 d6 3. exd6 Bxd6 4. Nf3 g5 5. g3 h5 6. d4 Be7 7. Bg2 Nc6 8. c3 Be6 9. Nbd2 g4 10. Ne5 Nxe5 11. dxe5 c6 12. Ne4 Bd5 13. Bf4 Bxe4 14. Qxd8+ Rxd8 15. Bxe4 Bc5 16. Rd1 Rxd1+ 17. Kxd1 Ne7 18. h3 Rg8 19. hxg4 hxg4 20. Rh5 Nd5 21. Bxd5 cxd5 22. Kd2 Rg6 23. Kd3 a5 24. e4 dxe4+ 25. Kxe4 a4 26. b4 axb3 27. axb3 Be7 28. Rh6 Kd7 29. Rxg6 fxg6 30. Kd5 Kd8 31. b4 Ke8 32. Ke6 Bd8 33. Be3 Be7 34. b5 Bd8 35. c4 Be7 36. c5 Kd8 37. Kf7 g5 38. Ke6 Ke8 39. c6 bxc6 40. bxc6 Bd8 41. Bxg5 Bc7 42. Be7 1-0

[Event "Gatineau op U1900"]
[Site "Gatineau CAN"]
[Date "2013.03.01"]
[Round "1"]
[White "Villeneuve, Luc"]
[Black "Ptitsyn, Ihor"]
[Result "1-0"]
[WhiteElo "1764"]
[BlackElo "1360"]
[PlyCount "85"]
[GameId "2160767909381541"]
[EventDate "2013.03.01"]
[EventType "swiss"]
[EventRounds "5"]
[EventCountry "CAN"]
[SourceTitle "EXT 2022"]
[Source "ChessBase"]
[SourceDate "2021.10.06"]
[SourceVersion "1"]
[SourceVersionDate "2021.10.06"]
[SourceQuality "1"]

1. d4 e6 2. c4 b6 3. Nc3 Bb4 4. Nf3 Bb7 5. Qc2 f5 6. Bg5 Nf6 7. Nd2 h6 8. Bxf6 Qxf6 9. e3 Qg5 10. Nf3 Bxf3 11. gxf3 Nc6 12. f4 Qg4 13. h3 Qh4 14. d5 Ne7 15. dxe6 Bxc3+ 16. Qxc3 dxe6 17. Qxg7 O-O-O 18. Qg2 Kb8 19. Qf3 Qf6 20. Bg2 c6 21. Rb1 Rd7 22. O-O Rg8 23. Kh2 Rd2 24. b4 e5 25. fxe5 Qxe5+ 26. Kh1 Rd6 27. b5 Rdg6 28. Rg1 Qe4 29. Qxe4 fxe4 30. Bxe4 Rxg1+ 31. Rxg1 Rxg1+ 32. Kxg1 cxb5 33. cxb5 Kc7 34. f4 Kd6 35. Kf2 Ke6 36. Kf3 Kf6 37. Kg4 Nc8 38. Bd3 Nd6 39. e4 Nb7 40. e5+ Kg7 41. f5 Nc5 42. f6+ Kf8 43. Bc4 1-0

[Event "Gatineau op U1900"]
[Site "Gatineau CAN"]
[Date "2013.03.02"]
[Round "2"]
[White "Danilov, Alex"]
[Black "Lemieux, Denis"]
[Result "1/2-1/2"]
[WhiteElo "1693"]
[BlackElo "1603"]
[PlyCount "51"]
[GameId "2160767909381542"]
[EventDate "2013.03.01"]
[EventType "swiss"]
[EventRounds "5"]
[EventCountry "CAN"]
[SourceTitle "EXT 2022"]
[Source "ChessBase"]
[SourceDate "2021.10.06"]
[SourceVersion "1"]
[SourceVersionDate "2021.10.06"]
[SourceQuality "1"]

1. e4 c6 2. g3 d5 3. Bg2 dxe4 4. Bxe4 Nf6 5. Bg2 Bf5 6. Nf3 h6 7. O-O e6 8. d4 Be7 9. Nc3 O-O 10. Nh4 Bh7 11. f4 Nd5 12. Nf3 Nd7 13. Nxd5 cxd5 14. c3 Be4 15. Re1 Nf6 16. Nd2 Bxg2 17. Kxg2 Rc8 18. Qe2 Qc7 19. f5 Rfe8 20. fxe6 fxe6 21. Nf3 Bd6 22. Ne5 Bxe5 23. dxe5 Ne4 24. Be3 a6 25. Bd4 Qe7 26. Qg4 1/2-1/2

[Event "Gatineau op U1900"]
[Site "Gatineau CAN"]
[Date "2013.03.02"]
[Round "2"]
[White "Piche, Guy"]
[Black "Villeneuve, Luc"]
[Result "1-0"]
[WhiteElo "1653"]
[BlackElo "1764"]
[PlyCount "101"]
[GameId "2160767909381543"]
[EventDate "2013.03.01"]
[EventType "swiss"]
[EventRounds "5"]
[EventCountry "CAN"]
[SourceTitle "EXT 2022"]
[Source "ChessBase"]
[SourceDate "2021.10.06"]
[SourceVersion "1"]
[SourceVersionDate "2021.10.06"]
[SourceQuality "1"]

1. e4 c5 2. Nf3 e6 3. d4 cxd4 4. Nxd4 a6 5. Nc3 Qc7 6. g3 Nf6 7. Bg2 Nc6 8. O-O Nxd4 9. Qxd4 Bc5 10. Qd3 d6 11. Be3 Bd7 12. a3 O-O 13. Bg5 Ng4 14. Nd1 Ne5 15. Qc3 Rac8 16. Kh1 b5 17. b4 Bb6 18. Qxc7 Bxc7 19. Nb2 Bb8 20. Rac1 Rfe8 21. Rfd1 Rc3 22. Bf4 f6 23. Bxe5 fxe5 24. Nd3 Bc6 25. a4 bxa4 26. f3 Ba7 27. Ne1 Bd4 28. Rd3 Bb5 29. Bf1 Rec8 30. Kg2 a3 31. Rxd4 Bxf1+ 32. Kxf1 exd4 33. Ke2 e5 34. Kd2 Kf7 35. Ra1 Ke6 36. Ra2 Re3 37. Ra1 Rcc3 38. Ra2 g5 39. g4 d5 40. exd5+ Kxd5 41. Ra1 h6 42. Ra2 e4 43. fxe4+ Rxe4 44. Nd3 Rxg4 45. Nc5 Rg2+ 46. Kd1 a5 47. Na4 Rf3 48. c4+ Kxc4 49. Rxg2 axb4 50. Rc2+ Kb3 51. Nc5# 1-0

[Event "Gatineau op U1900"]
[Site "Gatineau CAN"]
[Date "2013.03.02"]
[Round "2"]
[White "Raymond, Daniel"]
[Black "Langer, Herb"]
[Result "1-0"]
[WhiteElo "1846"]
[BlackElo "1802"]
[PlyCount "141"]
[GameId "2160767909381544"]
[EventDate "2013.03.01"]
[EventType "swiss"]
[EventRounds "5"]
[EventCountry "CAN"]
[SourceTitle "EXT 2022"]
[Source "ChessBase"]
[SourceDate "2021.10.06"]
[SourceVersion "1"]
[SourceVersionDate "2021.10.06"]
[SourceQuality "1"]

1. e4 c5 2. Nf3 d6 3. d4 cxd4 4. Nxd4 a6 5. Be2 Nf6 6. Nc3 Nc6 7. Bg5 e5 8. Nb3 Be7 9. O-O O-O 10. Qd2 Be6 11. Rad1 Qd7 12. Bxf6 gxf6 13. Qc1 Kh8 14. f4 Bg4 15. Qd2 exf4 16. Bxg4 Qxg4 17. Qxf4 Ne5 18. Nd5 Bd8 19. Nxf6 Qg6 20. Rxd6 Nc4 21. Rd3 Bb6+ 22. Kh1 Ne3 23. Rxe3 Bxe3 24. Qxe3 Rad8 25. Qc3 Rc8 26. Qd2 Rfd8 27. Qf2 Rc6 28. h3 Rdd6 29. Nd5 Qxe4 30. Nc3 Qg6 31. Qxf7 b5 32. Qf8+ Qg8 33. Ne4 Rg6 34. Qxg8+ Kxg8 35. Nbc5 a5 36. c3 Rc7 37. b4 axb4 38. cxb4 Ra7 39. Nc3 Ra3 40. Nxb5 Rxa2 41. Rg1 Rb6 42. Nc3 Rc2 43. Nd5 Rd6 44. Ne7+ Kf7 45. Nf5 Rb6 46. Rf1 Kg8 47. Ne7+ Kg7 48. Nd5 Rd6 49. Ne3 Rxc5 50. bxc5 Rc6 51. Nf5+ Kh8 52. Rc1 h5 53. Ne7 Rc7 54. c6 Kg7 55. Nd5 Rc8 56. c7 Kf7 57. Nb6 Rxc7 58. Rxc7+ Kf6 59. Rc5 Kg6 60. Kg1 Kh6 61. Kf2 Kg6 62. Kf3 Kh6 63. Kf4 Kg6 64. Rc6+ Kg7 65. Kf5 h4 66. Nc4 Kh7 67. Kg5 Kg7 68. Rc7+ Kf8 69. Kf6 Ke8 70. Ke6 Kd8 71. Rc5 1-0

[Event "Gatineau op U1900"]
[Site "Gatineau CAN"]
[Date "2013.03.02"]
[Round "2"]
[White "Raymond, Daniel"]
[Black "Piche, Guy"]
[Result "0-1"]
[WhiteElo "1846"]
[BlackElo "1653"]
[PlyCount "104"]
[GameId "2160767909381545"]
[EventDate "2013.03.01"]
[EventType "swiss"]
[EventRounds "5"]
[EventCountry "CAN"]
[SourceTitle "EXT 2022"]
[Source "ChessBase"]
[SourceDate "2021.10.06"]
[SourceVersion "1"]
[SourceVersionDate "2021.10.06"]
[SourceQuality "1"]

1. e4 e5 2. Nf3 d6 3. d4 exd4 4. Nxd4 Nf6 5. Nc3 g6 6. Be2 Bg7 7. Be3 Bd7 8. f3 Nc6 9. Qd2 a6 10. O-O O-O 11. Rad1 Qe7 12. Bg5 Qe8 13. Nxc6 Bxc6 14. Rfe1 Nd7 15. Bc4 Qe5 16. Bd5 Nb6 17. Bh6 Qh5 18. Bxg7 Kxg7 19. Qd4+ Qe5 20. Qxe5+ dxe5 21. Bxc6 bxc6 22. b3 Rad8 23. Rxd8 Rxd8 24. Rd1 Rd6 25. Kf2 f5 26. Ke2 Kf7 27. Rd3 Ke7 28. Kd2 Nd7 29. b4 Nb6 30. Ne2 Rxd3+ 31. Kxd3 Kd6 32. c4 c5 33. a3 cxb4 34. axb4 c5 35. Kc3 cxb4+ 36. Kxb4 Kc6 37. exf5 gxf5 38. Ng3 f4 39. Ne4 a5+ 40. Kb3 Nd7 41. g3 Nc5+ 42. Nxc5 Kxc5 43. Kc3 e4 44. gxf4 exf3 45. Kd3 a4 46. f5 a3 47. f6 f2 48. Ke2 f1=Q+ 49. Kxf1 a2 50. f7 a1=Q+ 51. Ke2 Qf6 52. f8=Q+ Qxf8 0-1

[Event "Gatineau op U1900"]
[Site "Gatineau CAN"]
[Date "2013.03.02"]
[Round "2"]
[White "Serdula, Jay"]
[Black "Choiniere, Rene"]
[Result "0-1"]
[WhiteElo "1772"]
[BlackElo "1727"]
[PlyCount "73"]
[GameId "2160767909381547"]
[EventDate "2013.03.01"]
[EventType "swiss"]
[EventRounds "5"]
[EventCountry "CAN"]
[SourceTitle "EXT 2022"]
[Source "ChessBase"]
[SourceDate "2021.10.06"]
[SourceVersion "1"]
[SourceVersionDate "2021.10.06"]
[SourceQuality "1"]

1. e4 e5 2. f4 exf4 3. Nf3 d6 4. Bc4 Bg4 5. Nc3 Nf6 6. O-O Be7 7. d4 O-O 8. Bxf4 Nc6 9. Be3 a6 10. h3 Bh5 11. a3 b5 12. Ba2 Bg6 13. Qd3 h6 14. Nh4 Bh7 15. Nf5 Bxf5 16. Rxf5 Na5 17. Raf1 c5 18. dxc5 dxc5 19. Bxc5 Bxc5+ 20. Rxc5 Qb6 21. b4 Nb7 22. Nd5 Nxd5 23. Bxd5 Nxc5 24. bxc5 Qxc5+ 25. Kh1 Rad8 26. Rf5 Qe7 27. Qf3 Rd7 28. e5 g6 29. Rf6 Kg7 30. Qe4 a5 31. Bc6 Rd1+ 32. Kh2 b4 33. axb4 axb4 34. Bd5 Ra1 35. Rb6 Ra5 36. Rb7 Qd8 37. Bb3 0-1

[Event "Gatineau op U1900"]
[Site "Gatineau CAN"]
[Date "2013.03.02"]
[Round "3"]
[White "Arsenault, Yves"]
[Black "Serdula, Jay"]
[Result "0-1"]
[WhiteElo "1557"]
[BlackElo "1772"]
[PlyCount "60"]
[GameId "2160767909381549"]
[EventDate "2013.03.01"]
[EventType "swiss"]
[EventRounds "5"]
[EventCountry "CAN"]
[SourceTitle "EXT 2022"]
[Source "ChessBase"]
[SourceDate "2021.10.06"]
[SourceVersion "1"]
[SourceVersionDate "2021.10.06"]
[SourceQuality "1"]

1. e4 e6 2. d4 d5 3. Nd2 c5 4. c3 cxd4 5. cxd4 dxe4 6. Nxe4 Nc6 7. Nf3 Nf6 8. Nc3 a6 9. a3 Bd6 10. Bd3 O-O 11. O-O b5 12. Bc2 Bb7 13. Qd3 Ne7 14. Bg5 Ng6 15. h4 Bxf3 16. Qxf3 Bb8 17. Qxa8 Bh2+ 18. Kxh2 Qxa8 19. f3 Nd5 20. g3 Rc8 21. Be4 Qa7 22. Bxd5 exd5 23. Rad1 h6 24. Be3 Qd7 25. f4 Ne7 26. Rde1 Nf5 27. Rf3 Rc4 28. Ne2 Qe7 29. Bf2 Rc2 30. g4 Rxe2 0-1

[Event "Gatineau op U1900"]
[Site "Gatineau CAN"]
[Date "2013.03.02"]
[Round "3"]
[White "Choiniere, Rene"]
[Black "Bigras, Jean"]
[Result "1/2-1/2"]
[WhiteElo "1727"]
[BlackElo "1724"]
[PlyCount "52"]
[GameId "2160767909381550"]
[EventDate "2013.03.01"]
[EventType "swiss"]
[EventRounds "5"]
[EventCountry "CAN"]
[SourceTitle "EXT 2022"]
[Source "ChessBase"]
[SourceDate "2021.10.06"]
[SourceVersion "1"]
[SourceVersionDate "2021.10.06"]
[SourceQuality "1"]

1. e4 c5 2. c3 a6 3. Nf3 d6 4. d4 Qc7 5. Be2 Nd7 6. O-O e5 7. d5 Ngf6 8. Nbd2 Be7 9. Re1 O-O 10. c4 Re8 11. Bf1 Nf8 12. h3 Ng6 13. Nb1 Bd7 14. Bg5 h6 15. Bxf6 Bxf6 16. g3 Rf8 17. Nc3 Rae8 18. Bg2 Bd8 19. Kh2 b5 20. b3 b4 21. Nb1 f5 22. Nbd2 f4 23. g4 Nh4 24. a3 Nxf3+ 25. Nxf3 a5 26. a4 g5 1/2-1/2

[Event "Gatineau op U1900"]
[Site "Gatineau CAN"]
[Date "2013.03.02"]
[Round "3"]
[White "Ptitsyn, Ihor"]
[Black "Langer, Herb"]
[Result "1/2-1/2"]
[WhiteElo "1360"]
[BlackElo "1802"]
[PlyCount "163"]
[GameId "2160767909381551"]
[EventDate "2013.03.01"]
[EventType "swiss"]
[EventRounds "5"]
[EventCountry "CAN"]
[SourceTitle "EXT 2022"]
[Source "ChessBase"]
[SourceDate "2021.10.06"]
[SourceVersion "1"]
[SourceVersionDate "2021.10.06"]
[SourceQuality "1"]

1. e3 e5 2. b3 d5 3. Bb2 Bd6 4. f4 Nd7 5. Qg4 Qf6 6. Nf3 Nh6 7. Qg3 Nf5 8. Qf2 Qe7 9. g4 Nh6 10. g5 Nf5 11. Bh3 g6 12. Nc3 c6 13. O-O-O Ba3 14. Bxf5 Bxb2+ 15. Kxb2 gxf5 16. Ne2 f6 17. gxf6 Qxf6 18. fxe5 Nxe5 19. Nxe5 Qxe5+ 20. Kb1 Bd7 21. Qh4 Qe7 22. Qxe7+ Kxe7 23. Rdf1 Raf8 24. Rhg1 Rhg8 25. Rg3 Rg6 26. Rh3 Rf7 27. Nf4 Rg5 28. b4 Rfg7 29. Kb2 Be8 30. Rh6 Bg6 31. Kc3 Rg8 32. a4 Kf7 33. Kd4 Re8 34. d3 Kg7 35. Rh3 Re7 36. a5 Rg4 37. Kc5 a6 38. c3 Kf8 39. Kd6 Ke8 40. Kc5 Kf8 41. Rff3 Rg1 42. Rfg3 Rxg3 43. Rxg3 Kf7 44. h4 Kf6 45. Kd6 Be8 46. h5 Rd7+ 47. Kc5 Bf7 48. h6 Bg6 49. Kd4 Re7 50. c4 dxc4 51. Kxc4 Rd7 52. d4 Re7 53. Kc5 Rd7 54. d5 cxd5 55. Nxd5+ Ke5 56. Nf4 Kf6 57. b5 axb5 58. Kxb5 Rd6 59. Nxg6 hxg6 60. h7 Kg7 61. Rh3 Kh8 62. Rh6 Re6 63. Kc5 Ra6 64. Kb5 Rc6 65. Kb4 Re6 66. Kc5 Rxe3 67. Rxg6 Kxh7 68. Rb6 Re7 69. Rf6 Re5+ 70. Kb6 Kg7 71. Rd6 Re7 72. Rd8 f4 73. Rb8 f3 74. Rxb7 Rxb7+ 75. Kxb7 f2 76. a6 f1=Q 77. a7 Qb5+ 78. Kc7 Qc5+ 79. Kb7 Qd5+ 80. Kb8 Qd8+ 81. Kb7 Qd7+ 82. Kb8 1/2-1/2

[Event "Gatineau op U1900"]
[Site "Gatineau CAN"]
[Date "2013.03.02"]
[Round "3"]
[White "Villeneuve, Luc"]
[Black "Lemieux, Denis"]
[Result "1/2-1/2"]
[WhiteElo "1764"]
[BlackElo "1603"]
[PlyCount "37"]
[GameId "2160767909381552"]
[EventDate "2013.03.01"]
[EventType "swiss"]
[EventRounds "5"]
[EventCountry "CAN"]
[SourceTitle "EXT 2022"]
[Source "ChessBase"]
[SourceDate "2021.10.06"]
[SourceVersion "1"]
[SourceVersionDate "2021.10.06"]
[SourceQuality "1"]

1. d4 d5 2. Nf3 Bf5 3. Nbd2 Nf6 4. g3 e6 5. Bg2 Be7 6. O-O h6 7. c4 c6 8. b3 O-O 9. Bb2 b5 10. Ne5 Qc7 11. cxb5 cxb5 12. Rc1 Qb6 13. Re1 Nbd7 14. Nxd7 Nxd7 15. e4 dxe4 16. Nxe4 Rac8 17. d5 exd5 18. Qxd5 Be6 19. Qd4 1/2-1/2

[Event "Gatineau op U1900"]
[Site "Gatineau CAN"]
[Date "2013.03.03"]
[Round "4"]
[White "Abrams, Paul"]
[Black "Danilov, Alex"]
[Result "1-0"]
[WhiteElo "1434"]
[BlackElo "1693"]
[PlyCount "103"]
[GameId "2160767909381553"]
[EventDate "2013.03.01"]
[EventType "swiss"]
[EventRounds "5"]
[EventCountry "CAN"]
[SourceTitle "EXT 2022"]
[Source "ChessBase"]
[SourceDate "2021.10.06"]
[SourceVersion "1"]
[SourceVersionDate "2021.10.06"]
[SourceQuality "1"]

1. e4 c5 2. Nf3 Nc6 3. Bb5 g6 4. O-O Bg7 5. Nc3 Nd4 6. Bc4 e6 7. Re1 Ne7 8. Nxd4 cxd4 9. Ne2 Nc6 10. c3 Ne5 11. Bb3 Nd3 12. Rf1 Nxc1 13. Rxc1 dxc3 14. bxc3 O-O 15. d4 d6 16. f4 Bd7 17. e5 Bc6 18. c4 dxe5 19. fxe5 Qg5 20. Rf2 Rad8 21. Qe1 Bh6 22. Rd1 Qh4 23. Qc3 Qe4 24. Bc2 Qh4 25. Rd3 Qe7 26. Rh3 Bg7 27. Rf4 f6 28. Rfh4 fxe5 29. Rxh7 exd4 30. Qg3 Qf6 31. Nf4 Be8 32. Bxg6 Bxg6 33. Qxg6 Qxg6 34. Nxg6 Rfe8 35. Nf4 d3 36. Rxg7+ Kxg7 37. Nxd3 Rd4 38. Rg3+ Kf6 39. Rf3+ Ke7 40. Ne5 Rd1+ 41. Kf2 Rd2+ 42. Kf1 Rxa2 43. c5 Ra1+ 44. Kf2 Ra2+ 45. Kf1 Rc8 46. Rf7+ Ke8 47. Rxb7 Rxc5 48. Rb8+ Ke7 49. Nd3 Rf5+ 50. Ke1 a5 51. g4 Rb5 52. Rxb5 1-0

[Event "Gatineau op U1900"]
[Site "Gatineau CAN"]
[Date "2013.03.03"]
[Round "4"]
[White "Bigras, Jean"]
[Black "Raymond, Daniel"]
[Result "1-0"]
[WhiteElo "1724"]
[BlackElo "1846"]
[PlyCount "56"]
[GameId "2160767909381554"]
[EventDate "2013.03.01"]
[EventType "swiss"]
[EventRounds "5"]
[EventCountry "CAN"]
[SourceTitle "EXT 2022"]
[Source "ChessBase"]
[SourceDate "2021.10.06"]
[SourceVersion "1"]
[SourceVersionDate "2021.10.06"]
[SourceQuality "1"]

1. e4 c6 2. d4 d5 3. Nc3 dxe4 4. Nxe4 Nd7 5. Ng5 Ngf6 6. Bd3 e6 7. N1f3 Be7 8. Qe2 Nb6 9. Ne4 O-O 10. Nxf6+ Bxf6 11. Qe4 g6 12. Bh6 Re8 13. Ne5 Bg7 14. Bxg7 Kxg7 15. h4 f5 16. Qe2 Qxd4 17. c3 Qd5 18. h5 Nd7 19. f4 Nxe5 20. fxe5 b5 21. hxg6 hxg6 22. Qe3 Rh8 23. Rxh8 Kxh8 24. Qh6+ Kg8 25. Qxg6+ Kf8 26. Qf6+ Ke8 27. O-O-O Qc5 28. Bxf5 Bb7 1-0

[Event "Gatineau op U1900"]
[Site "Gatineau CAN"]
[Date "2013.03.03"]
[Round "4"]
[White "Choiniere, Rene"]
[Black "Piche, Guy"]
[Result "1/2-1/2"]
[WhiteElo "1727"]
[BlackElo "1653"]
[PlyCount "47"]
[GameId "2160767909381555"]
[EventDate "2013.03.01"]
[EventType "swiss"]
[EventRounds "5"]
[EventCountry "CAN"]
[SourceTitle "EXT 2022"]
[Source "ChessBase"]
[SourceDate "2021.10.06"]
[SourceVersion "1"]
[SourceVersionDate "2021.10.06"]
[SourceQuality "1"]

1. e4 e5 2. Nf3 d6 3. d4 Nd7 4. Nc3 c6 5. Bc4 Be7 6. O-O Ngf6 7. dxe5 dxe5 8. Bb3 O-O 9. Qe2 Qc7 10. Bg5 Nc5 11. Bxf6 Bxf6 12. h3 Be6 13. Rfd1 Rad8 14. Rd2 Rxd2 15. Nxd2 Rd8 16. Rd1 Bxb3 17. Nxb3 Ne6 18. g3 Qb6 19. Rxd8+ Qxd8 20. Nd1 Qd7 21. Qg4 g6 22. h4 h5 23. Qe2 Bg7 24. Ne3 1/2-1/2

[Event "Gatineau op U1900"]
[Site "Gatineau CAN"]
[Date "2013.03.03"]
[Round "4"]
[White "Lemieux, Denis"]
[Black "Arsenault, Yves"]
[Result "1/2-1/2"]
[WhiteElo "1603"]
[BlackElo "1557"]
[PlyCount "58"]
[GameId "2160767909381556"]
[EventDate "2013.03.01"]
[EventType "swiss"]
[EventRounds "5"]
[EventCountry "CAN"]
[SourceTitle "EXT 2022"]
[Source "ChessBase"]
[SourceDate "2021.10.06"]
[SourceVersion "1"]
[SourceVersionDate "2021.10.06"]
[SourceQuality "1"]

1. d4 Nf6 2. c4 e6 3. Nc3 Bb4 4. a3 Bxc3+ 5. bxc3 b6 6. f3 Bb7 7. Bg5 h6 8. Bh4 d6 9. e4 g5 10. Bf2 Nbd7 11. h4 g4 12. Bd3 gxf3 13. Qxf3 c5 14. d5 Ne5 15. Qe2 Nxd3+ 16. Qxd3 Rg8 17. g3 Rg4 18. Ne2 Nxe4 19. Rf1 Qf6 20. Be3 Qg7 21. Rf3 a5 22. O-O-O exd5 23. Rdf1 f6 24. cxd5 Ba6 25. c4 O-O-O 26. Bf4 f5 27. Kc2 Rd7 28. Bc1 Rf7 29. Bb2 Qf8 1/2-1/2

[Event "Gatineau op U1900"]
[Site "Gatineau CAN"]
[Date "2013.03.03"]
[Round "4"]
[White "Serdula, Jay"]
[Black "Ptitsyn, Ihor"]
[Result "1-0"]
[WhiteElo "1772"]
[BlackElo "1360"]
[PlyCount "69"]
[GameId "2160767909381557"]
[EventDate "2013.03.01"]
[EventType "swiss"]
[EventRounds "5"]
[EventCountry "CAN"]
[SourceTitle "EXT 2022"]
[Source "ChessBase"]
[SourceDate "2021.10.06"]
[SourceVersion "1"]
[SourceVersionDate "2021.10.06"]
[SourceQuality "1"]

1. e4 e6 2. d4 b6 3. c4 Bb7 4. Nc3 Bb4 5. Qc2 Qh4 6. Bd3 f5 7. g3 Qg4 8. f3 Qh5 9. exf5 Bxc3+ 10. bxc3 exf5 11. Bxf5 Nf6 12. Ba3 Bxf3 13. Nxf3 Qxf3 14. Rf1 Qe3+ 15. Kd1 Kd8 16. Re1 Qf3+ 17. Kc1 Nc6 18. Kb2 Kc8 19. Be7 Nxe7 20. Rxe7 b5 21. c5 g6 22. Bd3 Rb8 23. Rf1 Qc6 24. Rf7 Ne8 25. Re7 d6 26. Rff7 dxc5 27. Be4 Qd6 28. Rxh7 Qf6 29. Bxg6 Kd8 30. Rd7+ Kc8 31. Bxe8 Rxh7 32. Rxh7 cxd4 33. Bd7+ Kd8 34. cxd4 Qxd4+ 35. Qc3 1-0

[Event "Gatineau op U1900"]
[Site "Gatineau CAN"]
[Date "2013.03.03"]
[Round "5"]
[White "Bigras, Jean"]
[Black "Piche, Guy"]
[Result "0-1"]
[WhiteElo "1724"]
[BlackElo "1653"]
[PlyCount "86"]
[GameId "2160767909381558"]
[EventDate "2013.03.01"]
[EventType "swiss"]
[EventRounds "5"]
[EventCountry "CAN"]
[SourceTitle "EXT 2022"]
[Source "ChessBase"]
[SourceDate "2021.10.06"]
[SourceVersion "1"]
[SourceVersionDate "2021.10.06"]
[SourceQuality "1"]

1. f4 d5 2. e3 c5 3. Nf3 Nc6 4. Bb5 a6 5. Bxc6+ bxc6 6. Ne5 Qd6 7. O-O Nf6 8. b3 g6 9. Ba3 Bg7 10. d4 O-O 11. Bxc5 Qc7 12. Nd2 Re8 13. Rc1 Ne4 14. c4 Nxc5 15. dxc5 Bxe5 16. fxe5 Qxe5 17. Qf3 Be6 18. cxd5 Qxd5 19. Qxd5 Bxd5 20. e4 Be6 21. Nf3 Red8 22. Rfd1 Bg4 23. Rxd8+ Rxd8 24. Ne5 f5 25. exf5 Bxf5 26. Nxc6 Rd7 27. Re1 e6 28. Re2 Rc7 29. Nd4 Rxc5 30. Nxe6 Ra5 31. Rf2 Bxe6 32. Kf1 Rf5 33. Ke1 Rxf2 34. Kxf2 Kf7 35. Ke3 Kf6 36. Kf4 g5+ 37. Ke4 Bc8 38. g3 Bb7+ 39. Ke3 Kf5 40. b4 Kg4 41. Kf2 Kh3 42. Kg1 Bc6 43. a3 h6 0-1